000 00290nam a22001337a 4500
008 170824b xxu||||| |||| 00| 0 eng d
020 _a9781256757603
041 _aeng
080 _a51
100 _a38
101 _aMAT
245 _aALGEBRA FOR COLLEGE
_cHORNSBY.L
942 _2udc
_cBK
999 _c24938
_d24938